• 首页
  • 本馆介绍
  • 公告通知
  • 最新文献
  • 馆藏检索
  • 电子资源
  • 读者导购
  • 参考咨询
  • 我的图书馆
  • 登录
  • 详细信息显示
  • 放入我的书架
  • 预约/预借图书
  • 作者相关作品
  • 分类相关作品
  • 丛书相关作品
  • 出版社相关作品

书目信息

  • 表格格式
  • 工作单格式
  • 卡片格式
题名:
小故事 微课堂 大教育
    
 
作者: 邓春苗 主编
分册:  
出版信息: 北京   中国言实出版社  2017
页数: 169页
开本: 24cm
丛书名:
单 册:
中图分类: G47-53
科图分类:
主题词: 学校管理--文集
电子资源:
ISBN: 978-7-5171-2422-1
000 01018nam0 2200241 450
001 5673
005 20180528215829.96
010    @a978-7-5171-2422-1@dCNY28.00
100    @a20170905d2017 em y0chiy50 ea
101 0  @achi
102    @aCN@b110000
105    @aa z 000yy
200 1  @a小故事 微课堂 大教育@9xiao gu shi wei ke tang da jiao yu@f邓春苗主编
210    @a北京@c中国言实出版社@d2017
215    @a169页@c彩照@d24cm
300    @a名师成长系列书系
314    @a邓春苗,女,小学数学高级教师(副高级),深圳市龙岗区五和小学校长,广东第二师范学院兼职教师,中国教育学会小学教育专业委员会理事等。
330    @a本书为广东省教育科研“十二五”规划2015年度研究重点项目《基于“和乐”理念下的和谐教育模式的理论与实践研究》的研究成果集。本书分为“德育小故事”和“和乐教学模式”两部分,通过叙述德育故事和教学案例,展现了真实生动、积极向上的和谐教育模式。
606 0  @a学校管理@j文集
690    @aG47-53@v5
701  0 @a邓春苗@9deng chun miao@4主编
801  0 @aCN@b91MARC@c20170905
905    @aMuseLib@dG47-53@e141
    
    小故事 微课堂 大教育/邓春苗主编.-北京:中国言实出版社,2017
    169页:彩照;24cm
    名师成长系列书系
    
    ISBN 978-7-5171-2422-1:CNY28.00
    本书为广东省教育科研“十二五”规划2015年度研究重点项目《基于“和乐”理念下的和谐教育模式的理论与实践研究》的研究成果集。本书分为“德育小故事”和“和乐教学模式”两部分,通过叙述德育故事和教学案例,展现了真实生动、积极向上的和谐教育模式。
●
相关链接 在E读中查询图书 在五车中查询图书 在当当中查询图书 在豆瓣中查询图书


正题名:小故事 微课堂 大教育     索取号:G47-53/141         预约/预借

序号 登录号 条形码 馆藏地/架位号 状态 备注
1 1114282   211142823   第一样本阅览室/ [索取号:G47-53/141] 在馆    
2 1114283   211142832   教育系资料室/ [索取号:G47-53/141] 在馆    
3 1114284   211142841   教育系资料室/ [索取号:G47-53/141] 在馆    
4 1114285   211142850   教育系资料室/ [索取号:G47-53/141] 在馆    
5 1114286   211142869   第四借阅区/ [索取号:G47-53/141] 在馆    
6 1114287   211142878   第四借阅区/ [索取号:G47-53/141] 在馆    
唐山师范学院图书馆 欢迎您!
大连网信软件有限公司© 版权所有